000 00233nam a2200085Ia 4500
008 170620s9999 xx 000 0 und d
100 _aNarasaiah- M. Lakshmi
245 0 _aPopulation and Education
260 _bNew Delhi- Discovery Publishing House
260 _c2007
999 _c24681
_d24681